000 00474nam a2200181Ia 4500
005 20250508152808.0
008 008 250505s9999 xx 000 0 eng d
037 _aTextual
040 _aFEDL
_beng
_cFEDL
041 _aeng
_2eng
084 _a940, GUN
_qFEDL
100 _aGunther John
_949687
245 0 _aInside Europe today
260 _aLondon, UK
_bHamish Hamilton
_c1961
300 _a352p.
942 _cTEXL
_h940, GUN
999 _c1338804
_d1338804